[Event "Stavanger op 9899"]
[Site "Stavanger"]
[Date "1998.12.30"]
[Round "7"]
[White "Harestad, Thor Geir"]
[Black "Stohl, Igor"]
[Result "0-1"]
[WhiteElo "2235"]
[BlackElo "2540"]

1.c4 e5 2.g3 Nf6 3.Bg2 d5 4.cxd5 Nxd5 5.Nc3 Nb6 6.Nf3 Nc6 7.d3 Be7 8.O-O O-O
9.a3 Be6 10.b4 Nd4 11.Rb1 Nxf3+ 12.Bxf3 c6 13.Bb2 f6 14.Bg2 Qd7 15.Na4 Nxa4
16.Qxa4 Rfc8 17.Bc3 a5 18.Qc2 a4 19.Qd2 Bb3 20.f4 exf4 21.Qxf4 c5 22.Rbc1 Bd5
23.Be4 Bxe4 24.Qxe4 b5 25.Kg2 Re8 26.Qf5 Qxf5 27.Rxf5 cxb4 28.axb4 Rec8 29.Rff1 a3
30.Bd2 a2 31.Ra1 Rc2 32.Rfd1 Ra4 33.Kf3 Bxb4 34.Bxb4 Rxb4 35.d4 Kf7 36.e4 Rb3+
37.Kf4 Rf2+ 38.Kg4 Rxh2  0-1

[Event "Trinec op"]
[Site "Trinec"]
[Date "1998.12.31"]
[Round "6"]
[White "Sikora Lerch, Jan"]
[Black "Chernyshov, Konstantin"]
[Result "1-0"]
[WhiteElo "2380"]
[BlackElo "2485"]

1.g3 e5 2.c4 Nf6 3.Bg2 Nc6 4.Nc3 Bb4 5.Nd5 Bc5 6.d3 Nxd5 7.cxd5 Ne7 8.Nf3 d6
9.d4 exd4 10.Nxd4 h5 11.h4 Nf5 12.Nxf5 Bxf5 13.O-O Qe7 14.b4 Bb6 15.Bb2 Be4
16.e3 Bxg2 17.Kxg2 f5 18.Qa4+ Kf7 19.Qc2 Kg6 20.f3 Raf8 21.e4 f4 22.e5+ Kh6
23.Rae1 Be3 24.exd6 Qxd6 25.gxf4 Qb6 26.Qd3 Re8 27.Be5 Rxe5 28.fxe5 Bf4 29.Qe4 Rf8
30.e6 Bd2 31.Re2 Qxb4 32.e7 Re8 33.Qe6+ g6 34.Qd7 Qxh4 35.Qxe8 Bf4 36.Qh8+ Kg5
37.Re5+  1-0

[Event "UKR-chT"]
[Site "Alushta"]
[Date "1998.??.??"]
[Round "?"]
[White "Zubarev, Alexander"]
[Black "Strelnikov, Oleg"]
[Result "1-0"]
[WhiteElo "2435"]
[BlackElo "2360"]

1.c4 e5 2.g3 Nc6 3.Bg2 g6 4.Nc3 Bg7 5.e3 Nf6 6.d3 O-O 7.Nge2 Ne7 8.e4 c6
9.O-O d5 10.exd5 cxd5 11.Bg5 d4 12.Bxf6 Bxf6 13.Ne4 Bg7 14.b4 f5 15.Nc5 Qc7
16.f4 a5 17.Qa4 e4 18.Rad1 Nc6 19.a3 Qe7 20.Rfe1 Ra7 21.b5 Qxc5 22.bxc6 bxc6
23.Kh1 exd3 24.Nc1 Ba6 25.Nxd3 Qxc4 26.Qxa5 Qb5 27.Qb4 Rc8 28.Qd6 c5 29.Ne5 Kh8
30.Rb1 Qa5 31.Bd5 Qd8 32.Qe6 Qf8 33.Rb6 Bxe5 34.Qxe5+ Qg7 35.Qe8+ Qf8 36.Qe5+ Qg7
37.Qe6 Qd7 38.Rxa6 Qxe6 39.Raxe6 Rxa3 40.Re8+ Rxe8 41.Rxe8+ Kg7 42.Re1 Rc3
43.Kg2 c4 44.Rd1 d3 45.Kf3 Rc2 46.Ke3 Re2+ 47.Kd4 Rxh2 48.Bxc4 d2 49.Ke3 Rg2
50.Kf3 Rh2 51.Bf1 g5 52.Bg2 h5 53.fxg5 Kg6 54.Rxd2 Kxg5 55.Rd5 Kg6 56.Bh3 f4
57.Bg2  1-0

[Event "Paulisto-ch"]
[Site "Americana"]
[Date "1998.??.??"]
[Round "2"]
[White "Braga, Cicero"]
[Black "Sega, Carlos Alberto"]
[Result "1-0"]
[WhiteElo "2430"]
[BlackElo "2280"]

1.g3 e5 2.c4 Nf6 3.Bg2 c6 4.d4 exd4 5.Qxd4 d5 6.Nc3 Be6 7.cxd5 cxd5 8.Nf3 Nc6
9.Qa4 Bc5 10.O-O O-O 11.Ng5 Qe7 12.Qh4 Rad8 13.Nxe6 fxe6 14.b3 a6 15.Bb2 h6
16.Rad1 Ba7 17.Rd2 Rf7 18.Qa4 Rdf8 19.e3 Kh8 20.Ne2 Bc5 21.Nf4 Bb4  1-0

[Event "Avoine op"]
[Site "Avoine"]
[Date "1998.??.??"]
[Round "?"]
[White "Heurtebize, Christophe"]
[Black "Olarasu, Gabriela"]
[Result "0-1"]
[WhiteElo "2065"]
[BlackElo "2270"]

1.c4 e5 2.g3 Nf6 3.Bg2 d5 4.cxd5 Nxd5 5.Nc3 Nb6 6.Nf3 Nc6 7.O-O Be7 8.d4 exd4
9.Nb5 Bf6 10.Bf4 Nd5 11.Qd2 a6 12.Na3 Nxf4 13.Qxf4 O-O 14.Nc2 Re8 15.Rfe1 Re6
16.Rad1 Rd6 17.Rd3 Be6 18.b3 g5 19.Qc1 Bf5 20.e4 dxe3 21.Rdxe3 Qd7 22.h4 h6
23.hxg5 hxg5 24.R3e2 g4 25.Ng5 Ne5 26.Ne4 Bxe4 27.Bxe4 Nf3+ 28.Bxf3 gxf3  0-1

[Event "Bayern-ch Bank Hofmann 2nd"]
[Site "Bad Wiesse"]
[Date "1998.??.??"]
[Round "6"]
[White "Urankar, Hans Peter"]
[Black "Schaller, Sven"]
[Result "1/2-1/2"]
[WhiteElo "2215"]
[BlackElo "2345"]

1.g3 e5 2.c4 Nc6 3.Bg2 d6 4.Nc3 Nf6 5.Nf3 Be6 6.d4 exd4 7.Nxd4 Nxd4 8.Qxd4 Qc8
9.Bg5 Be7 10.Nd5 Bxd5 11.cxd5 O-O 12.Rc1 h6 13.Bf4 Qd7 14.O-O a5 15.Rc2 Rac8
16.b3 Ne8 17.h4 Bf6 18.Qe4 Qe7 19.Rfc1 Qxe4 20.Bxe4 Bd4 21.g4 Bc5 22.g5 hxg5
23.Bxg5 a4 24.Bf5 Rb8 25.Rc4 axb3 26.axb3 Nf6 27.Bxf6 gxf6 28.Rg4+ Kh8 29.h5 Rg8
30.Rc4 Rbe8 31.e3 b5 32.Rf4 Rxg4+ 33.Rxg4 Rg8 34.Rxg8+ Kxg8 35.h6 Bb4 36.Kf1 Kh8
37.Ke2 Kg8 38.Kf3 Be1 39.Bd3 Kh8 40.Ke2 Bb4 41.f4 Kg8 42.Kf3 Bd2 43.Ke2 Bb4
44.Bf5 Ba3 45.Kd3 Bc1 46.Ke4 Kh8 47.Be6 Kh7 48.Kf5 Bxe3  1/2-1/2

[Event "Bayern-ch Bank Hofmann 2nd"]
[Site "Bad Wiesse"]
[Date "1998.??.??"]
[Round "7"]
[White "Hoffmann, M."]
[Black "Medancic, Rikard"]
[Result "0-1"]
[WhiteElo "2440"]
[BlackElo "2330"]

1.c4 e5 2.g3 Nc6 3.Bg2 Nf6 4.Nc3 Bc5 5.e3 O-O 6.Nge2 Re8 7.a3 a6 8.O-O d6
9.d4 Ba7 10.h3 Bd7 11.b4 Qc8 12.Kh2 Ne7 13.dxe5 dxe5 14.c5 h6 15.e4 b6 16.Be3 bxc5
17.bxc5 Rd8 18.Nd5 Nexd5 19.exd5 Bb5 20.Re1 Nxd5 21.Bxd5 c6 22.Bg2 Rxd1 23.Raxd1 Qf8
24.Rd6 Rd8 25.Rxd8 Qxd8 26.Nc3 Qa5 27.Rc1 Bd3 28.Nd1 e4 29.Nb2 Qxa3 30.Nxd3 exd3
31.Bxc6 d2 32.Bxd2 Bxc5 33.Be4 f5 34.Rc3 fxe4 35.Rxa3 Bxa3 36.Kg2 Kf7 37.Bc3 g6
38.f3 e3 39.f4 Ke6 40.Kf3 Bc5 41.g4 Kd5 42.Bg7 a5 43.f5 gxf5  0-1

[Event "Bayern-ch Bank Hofmann 2nd"]
[Site "Bad Wiesse"]
[Date "1998.??.??"]
[Round "9"]
[White "Laqua, Christian"]
[Black "Grund, Holger"]
[Result "0-1"]
[WhiteElo "2215"]
[BlackElo "2345"]

1.c4 e5 2.g3 Nf6 3.Bg2 Nc6 4.Nf3 h6 5.O-O Bc5 6.Nc3 O-O 7.d3 a6 8.b3 d6 9.Bb2 Re8
10.h3 Ba7 11.e3 Bf5 12.Kh2 Bh7 13.Qe2 Nd7 14.Rfd1 Nc5 15.Ne1 Qd7 16.Rd2 Rad8
17.Nd5 Nb8 18.Qg4 Qxg4 19.hxg4 c6 20.Nc3 a5 21.d4 exd4 22.Rxd4 a4 23.Rdd1 Nba6
24.bxa4 Bb6 25.Bf1 Ba5 26.Bd3 Bxc3 27.Bxc3 Nxa4 28.Rac1 N6c5 29.Bd4 Ra8 30.Bxh7+ Kxh7
31.Rc2 Ra5 32.Bxc5 Nxc5 33.Rxd6 Rea8 34.Rdd2 Ne4 35.Re2 Ra3 36.Rb2 R8a7 37.Nc2 Rc3
38.Rb3 Rxc4 39.Nd4 Rca4 40.Reb2 Nd6 41.f3 Rxa2 42.Rxa2 Rxa2+  0-1

[Event "Stadtcasino op 3rd"]
[Site "Baden"]
[Date "1998.??.??"]
[Round "3"]
[White "Khenkin, Igor"]
[Black "Lurje, Pawel"]
[Result "1-0"]
[WhiteElo "2565"]
[BlackElo "2185"]

1.g3 e5 2.c4 Nc6 3.Bg2 g6 4.Nc3 Bg7 5.Rb1 a5 6.a3 d6 7.d3 f5 8.Nf3 h6 9.e4 Nge7
10.exf5 Nxf5 11.O-O O-O 12.b4 axb4 13.axb4 Kh7 14.b5 Ncd4 15.Nxd4 Nxd4 16.Be3 Nf5
17.Bd2 Nd4 18.Be3 Nf5 19.Bd2 Nd4 20.Be3 Nf5 21.Qe2 Ra3 22.Qb2 Ra8 23.Qe2 Ra3
24.Qb2 Ra8 25.Qd2 Ra3 26.Ra1 Rxa1 27.Rxa1 Nd4 28.Bxd4 exd4 29.Nd5 c6 30.bxc6 bxc6
31.Nf4 Qb6 32.Qa5 Qxa5 33.Rxa5 g5 34.Be4+ Kg8 35.Ng6 Re8 36.f4 c5 37.Ra7 Be6
38.Ne7+ Kf8 39.Ng6+ Kg8 40.Ne7+ Kf8 41.Bg6 Rd8 42.f5 Bf6 43.Nc6  1-0

[Event "Regionalliga NO9798"]
[Site "Bayern"]
[Date "1998.??.??"]
[Round "?"]
[White "Willim, Michael"]
[Black "Boca, Harald"]
[Result "1-0"]
[WhiteElo "2050"]
[BlackElo "1970"]

1.c4 e5 2.g3 Nf6 3.Bg2 d5 4.cxd5 Nxd5 5.Nc3 Nb6 6.Nf3 Nc6 7.d3 Be7 8.Be3 O-O
9.O-O Be6 10.a3 a5 11.Na4 Nd5 12.Bc5 Bd6 13.Rc1 Qe7 14.Bxd6 cxd6 15.e4 Nc7
16.h3 Rad8 17.d4 d5 18.Nxe5 Nxe5 19.dxe5 dxe4 20.Qc2 Nd5 21.Qxe4 b6 22.Rc6 Qd7
23.Rfc1 Qb7 24.R6c2 g6 25.Qe2 Qd7 26.Rc6 Bxh3 27.Bxh3 Qxh3 28.Nxb6 h5 29.e6 fxe6
30.Qxe6+ Qxe6 31.Rxe6 Rf6 32.Rxf6 Nxf6 33.Rc8 Rxc8 34.Nxc8 Kf7 35.Nd6+ Ke6
36.Nc4 Nd5 37.Nxa5 Nb6 38.b3 Nd5 39.Nc4 Nc3 40.Kg2 Kd5 41.Kf3 Nb5 42.Kf4 Nd4
43.Ne3+ Kc6 44.Kg5 Nxb3 45.Kxg6 Nd2 46.Kxh5 Ne4 47.Nd1  1-0

[Event "Regionalliga NO9798"]
[Site "Bayern"]
[Date "1998.??.??"]
[Round "?"]
[White "Kotissek, Philipp"]
[Black "Menacher, Manfred"]
[Result "0-1"]
[WhiteElo "2115"]
[BlackElo "2275"]

1.c4 e5 2.g3 Nc6 3.Bg2 g6 4.Nc3 Bg7 5.e3 d6 6.Nge2 Nge7 7.d4 exd4 8.exd4 Nf5
9.d5 Ne5 10.b3 Bd7 11.Bb2 h5 12.h3 Qe7 13.O-O g5 14.Nb5 Kd8 15.Ned4 h4 16.Nxf5 Bxf5
17.g4 Bg6 18.c5 Nf3+ 19.Qxf3 Bxb2 20.Rae1 Be5 21.cxd6 cxd6 22.Qe3 Qf6 23.Rd1 Re8
24.Kh1 Qf4 25.Qxf4 Bxf4 26.Rfe1 Rxe1+ 27.Rxe1 a6 28.Nd4 Kd7 29.Bf1 Rc8 30.Bg2 Be5
31.Nf3 Bf6 32.Re2 Rc1+ 33.Kh2 Bd3 34.Rd2 Be4 35.Bh1 Rc3 36.Ne1 Be5+ 37.Kg1 Rc1
38.Re2 Bxh1  0-1

[Event "Regionalliga NO9798"]
[Site "Bayern"]
[Date "1998.??.??"]
[Round "?"]
[White "Kotissek, Philipp"]
[Black "Hilge, Andreas"]
[Result "1/2-1/2"]
[WhiteElo "2115"]
[BlackElo "2190"]

1.c4 e5 2.g3 d6 3.Bg2 Nc6 4.Nc3 Be6 5.d3 Qd7 6.Rb1 g6 7.b4 Bg7 8.Nd5 Nd8
9.b5 h6 10.e3 Ne7 11.Nxe7 Qxe7 12.Ne2 h5 13.h4 O-O 14.O-O Kh7 15.Nc3 f5 16.Nd5 Qf7
17.f4 c6 18.bxc6 bxc6 19.Nb4  1/2-1/2

[Event "Regionalliga NW9798"]
[Site "Bayern"]
[Date "1998.??.??"]
[Round "?"]
[White "Mueller, Thorsten"]
[Black "Stickler, Andreas"]
[Result "0-1"]
[WhiteElo "1950"]
[BlackElo "2295"]

1.c4 e5 2.g3 Nc6 3.Bg2 f5 4.Nc3 Nf6 5.d3 g6 6.Bg5 Bg7 7.e3 O-O 8.h4 h6 9.Bxf6 Bxf6
10.Qd2 d6 11.Nge2 Ne7 12.e4 Bg7 13.f4 exf4 14.Nxf4 c6 15.O-O-O Kh7 16.Bh3 Qa5
17.Nfe2 b5 18.b3 b4 19.Na4 fxe4 20.Bxc8 Raxc8 21.Nf4 Nf5 22.dxe4 Nxg3 23.Qxd6 Rxf4
24.Qxf4 Ne2+  0-1

[Event "Oberliga Bayern9899"]
[Site "Bayern"]
[Date "1998.??.??"]
[Round "?"]
[White "Mandl, Robert"]
[Black "Dalinger, Valerie"]
[Result "1-0"]
[WhiteElo "2365"]
[BlackElo "2215"]

1.c4 e5 2.g3 f5 3.Bg2 Nf6 4.Nc3 Bc5 5.e3 O-O 6.Nge2 e4 7.d3 exd3 8.Nf4 Nc6
9.Nxd3 Be7 10.b3 d6 11.Bb2 Bd7 12.O-O a6 13.Rc1 Rb8 14.Re1 Kh8 15.Nd5 Ng4
16.Qd2 Bf6 17.Nxf6 Nxf6 18.Nf4 Ne4 19.Qe2 Ne5 20.Red1 Qe8 21.Qh5 Qxh5 22.Nxh5 Rf7
23.c5 Bc6 24.cxd6 cxd6 25.Nf4 Rf6 26.Rc2 Re8 27.Nd5 Rf7 28.Nb4 Bb5 29.f3 a5
30.Nd5 Nc5 31.Ba3 Ned7 32.Rcd2 Bc6 33.Kf2 Kg8 34.Nc7 Rc8 35.Nd5 Re8 36.Bb2 h6
37.Nc7 Rc8 38.Nd5 Re8 39.Bf1 b6 40.Bc4 b5 41.Nc7 bxc4 42.Nxe8 Nd3+ 43.Rxd3 cxd3
44.Nxd6 Rf8 45.Rxd3 g5 46.Rc3 Bd5 47.Rc7 Be6 48.Ra7 g4 49.Rxa5 gxf3 50.Kxf3 Kh7
51.Kf4 Kg6 52.Bd4 Nf6 53.Bxf6 Rxf6 54.b4 Bd7 55.Nc4 Bc8 56.Ne5+  1-0

[Event "Landesliga Nord 9899"]
[Site "Bayern"]
[Date "1998.??.??"]
[Round "?"]
[White "Strube, Frank"]
[Black "Stauch, Frank"]
[Result "1/2-1/2"]
[WhiteElo "2220"]
[BlackElo "2055"]

1.c4 e5 2.g3 Nc6 3.Bg2 f5 4.d3 Nf6 5.Nc3 Bb4 6.Bd2 O-O 7.Nf3 d6 8.O-O Bxc3
9.Bxc3 Qe8 10.e3 Qh5 11.Nd2 Qh6 12.Re1 Ng4 13.Nf1 Bd7 14.b4 Rae8 15.f3 Nf6
16.Qb3 Nd8 17.d4 Nf7 18.Rad1 Be6 19.d5 Bd7 20.Re2 f4 21.exf4 exf4 22.Rde1 Rxe2
23.Rxe2 Ng5 24.Bd2 fxg3 25.hxg3 Nh3+ 26.Bxh3 Qxh3 27.Qd3 Bf5 28.Qd4 Bg6 29.Bc3 Qf5
30.f4 Qd3 31.Re7 Qxd4+ 32.Bxd4 Rf7 33.Bxf6 gxf6 34.Re8+ Rf8 35.Rxf8+ Kxf8
36.Kf2 Bb1 37.a3 Kf7 38.Ke3 h5 39.Kd4 Kg6 40.Ne3 Kh6 41.c5 dxc5+ 42.bxc5 Kg6
43.c6 bxc6 44.dxc6 Ba2 45.Kc5 a6 46.Kb4 Bf7 47.a4 Be8 48.Kc5 Bf7 49.a5 Bb3
50.Kd4 Ba4 51.Nd5 Kf5 52.Ke3 Kg4 53.Nxf6+ Kxg3 54.Nxh5+ Kh4 55.Ng7 Bxc6 56.Ne6 Kg4
57.Nxc7 Bb7 58.Ne8 Bc6 59.Nd6 Bd7 60.Ke4 Kh5 61.Ke5 Kg6 62.f5+ Kg7 63.f6+ Kg6
64.Ne4 Kf7 65.Ng5+ Kf8 66.Kd6 Bf5 67.Kc6 Bd3 68.Kb6 Bc4 69.Ne4 Bf1 70.Nc5 Kf7
71.Nxa6 Kxf6 72.Nc7 Ke7 73.Nb5 Kd7 74.a6 Bxb5  1/2-1/2

[Event "Bechhofen opJ "]
[Site "Bechhofen"]
[Date "1998.??.??"]
[Round "?"]
[White "Willim, Michael"]
[Black "Eiber, Manfred"]
[Result "0-1"]
[WhiteElo "2115"]
[BlackElo "2265"]

1.c4 e5 2.g3 Nc6 3.Bg2 g6 4.Nc3 Bg7 5.Rb1 a5 6.a3 Nf6 7.b4 axb4 8.axb4 d6
9.d3 O-O 10.b5 Ne7 11.Nf3 h6 12.O-O Nh5 13.Nd5 Nxd5 14.cxd5 b6 15.Qc2 Bd7
16.Qc4 Nf6 17.Ne1 Ne8 18.Nc2 f5 19.Bd2 g5 20.Ra1 Rxa1 21.Rxa1 f4 22.Nb4 Qf6
23.Be1 e4 24.Ra8 f3 25.exf3 exf3 26.Bf1 Qb2 27.Rd8 Bf5 28.Qc6 Qe5 29.Nc2 Qe7
30.Ra8 Kh7 31.Ne3 Bg6 32.Bc3 Nf6 33.Rxf8 Bxf8 34.Nc2 Bg7 35.Nd4 Ng4 36.Ne6 Ne5
37.Bxe5 Bxe5 38.Qxc7 Qxc7 39.Nxc7 Kg7 40.d4 Bf6 41.Bh3 Kf7 42.Be6+ Ke7 43.Na6 Bd3
44.Bg4 Be4 45.Nb4 Kf8 46.Nc6 Bxd5 47.Kf1 Bc4+ 48.Ke1 Bxb5 49.Bxf3 Ke8 50.Kd2 Kd7
51.d5 Bc4 52.Nb4 Bd4 53.Nd3 b5 54.Be4 Kc7 55.f4 gxf4 56.gxf4 Kb6 57.Nb4 Bf6
58.Nd3 Ka5 59.f5 b4 60.Nf4 Kb5 61.Nh5 Bg5+ 62.Kc2 Kc5 63.f6 Kd4 64.Bf3 Bd3+  0-1

[Event "Berliner Sommer 16th"]
[Site "Berlin"]
[Date "1998.??.??"]
[Round "4"]
[White "Arkell, Keith C"]
[Black "Miltner, Arndt"]
[Result "1-0"]
[WhiteElo "2475"]
[BlackElo "2385"]

1.g3 e5 2.c4 Nf6 3.d3 d6 4.e3 c6 5.Bg2 Be7 6.Nc3 O-O 7.Nge2 Be6 8.O-O Na6
9.Rb1 d5 10.cxd5 Nxd5 11.d4 exd4 12.Nxd4 Nxc3 13.bxc3 Bc8 14.Qc2 Qa5 15.e4 Nc5
16.e5 Qc7 17.Re1 g6 18.Bh6 Re8 19.f4 Ne6 20.Qb2 Bc5 21.Kh1 Bb6 22.h3 Nxd4
23.cxd4 Be6 24.g4 f5 25.gxf5 Bxf5 26.Rbd1 Rad8 27.Bg5 Rd7 28.Bf6 Be6 29.Re3 Qc8
30.Be4 Bd8 31.f5 gxf5 32.Rg3+ Kf8 33.Qc1  1-0

[Event "Berliner Sommer 16th"]
[Site "Berlin"]
[Date "1998.??.??"]
[Round "6"]
[White "Heinbuch, Detlef"]
[Black "Lochte, Thomas"]
[Result "0-1"]
[WhiteElo "2375"]
[BlackElo "2230"]

1.c4 e5 2.g3 Nf6 3.Bg2 Bc5 4.Nc3 c6 5.e3 O-O 6.Nge2 d6 7.O-O Nbd7 8.a3 a5
9.Rb1 Ba7 10.h3 d5 11.cxd5 cxd5 12.Nb5 Bb8 13.b4 axb4 14.Rxb4 e4 15.Bb2 Ne5
16.Bxe5 Bxe5 17.Qb3 Bd7 18.Rc1 Qa5 19.Nec3 Rfc8 20.Ra4 Qxa4 21.Nxa4 Rxc1+
22.Kh2 Ra6 23.Nac3 Ng4+ 24.hxg4 Rh6+ 25.Bh3 Bxg4 26.Qxd5 Rxh3+ 27.Kg2 Bf3+  0-1

[Event "Besancon"]
[Site "Besancon"]
[Date "1998.??.??"]
[Round "3"]
[White "Berend, Fred"]
[Black "Loeffler, Markus"]
[Result "1-0"]
[WhiteElo "2350"]
[BlackElo "2350"]

1.g3 e5 2.c4 d6 3.Bg2 g6 4.Nc3 Bg7 5.e4 Nc6 6.Nge2 Be6 7.Nd5 Qd7 8.d3 h5
9.h3 O-O-O 10.Bg5 f6 11.Be3 f5 12.Qd2 h4 13.Bg5 hxg3 14.fxg3 Rf8 15.h4 fxe4
16.Bxe4 Bg4 17.O-O-O Rf2 18.Rde1 Bh6 19.Ref1 Rxf1+ 20.Rxf1 Bxe2 21.Qxe2 Nd4
22.Qf2 Qd8 23.Bxh6 Nxh6 24.Bxg6 Rg8 25.Qf6 Ng4 26.Qf7 Kb8 27.Ne7 Nh6 28.Qf6 Ng4
29.Qg5 Ne6 30.Qxg4 Qxe7 31.h5 a6 32.Qf5 Rf8 33.Qh3 Qg5+ 34.Kb1 Rxf1+ 35.Qxf1 Qxg3
36.Be4 Qh4 37.Qh1 Qxh1+ 38.Bxh1 Nf4 39.h6 Ng6 40.Kc2 Kc8 41.Kd2 c6 42.b4 Kd7
43.Be4 Nh8 44.Bf5+ Kc7 45.Ke3 b6 46.Ke4 a5 47.bxa5 bxa5 48.Be6 Kd8 49.Kf5 Ke7
50.h7 d5 51.cxd5 cxd5 52.Bxd5 Kd6 53.Bc4  1-0

[Event "Besancon"]
[Site "Besancon"]
[Date "1998.??.??"]
[Round "5"]
[White "Lupu, Mircea Sergiu"]
[Black "Loeffler, Markus"]
[Result "1-0"]
[WhiteElo "2505"]
[BlackElo "2350"]

1.g3 e5 2.c4 d6 3.Bg2 g6 4.Nc3 Bg7 5.Nf3 Nf6 6.O-O O-O 7.d3 c6 8.c5 Na6 9.cxd6 Qxd6
10.a3 h6 11.Qc2 Nc7 12.Rd1 Ne6 13.e3 Nd5 14.Bd2 b6 15.Nxd5 Qxd5 16.Ne1 Qc5
17.Bxc6 Rb8 18.Rac1 Qxc2 19.Rxc2 Rd8 20.b4 Bb7 21.Bxb7 Rxb7 22.Rdc1 b5 23.Kf1 Kf8
24.Ke2 Rbd7 25.Rc8 Ke7 26.Rxd8 Kxd8 27.Rc6 Rc7 28.Rd6+ Rd7 29.Ra6 Kc8 30.a4 Kb7
31.Ra5 Nc7 32.axb5 Kb6 33.Nc2 Nxb5 34.Na3 Nxa3 35.Rxa3 Bf8 36.e4 h5 37.Ra5 Bd6
38.Be3+ Kc6 39.b5+  1-0

[Event "Bucharest Fest GM (Women)"]
[Site "Bucharest"]
[Date "1998.??.??"]
[Round "?"]
[White "Berechet, Otiliu"]
[Black "Zatonskih, Anna"]
[Result "1-0"]
[WhiteElo "2220"]
[BlackElo "2320"]

1.c4 e5 2.g3 d6 3.Bg2 g6 4.d4 exd4 5.Qxd4 Nf6 6.Bg5 Bg7 7.Qe3+ Kf8 8.Qd2 h6
9.Bf4 Nc6 10.Nc3 g5 11.Be3 Ng4 12.Nd5 Be6 13.Nf3 Qd7 14.O-O Nxe3 15.fxe3 Re8
16.Rad1 Bxd5 17.cxd5 Ne5 18.Qb4 b6 19.Nd4 Kg8 20.Nf5 a5 21.Qb3 g4 22.Qc2 Bf6
23.Rc1 Bd8 24.a4 h5 25.b3 Ng6 26.h3 h4 27.Qc3 Re5 28.gxh4 gxh3 29.Rf3 Bxh4
30.Rg3 Qe8 31.e4  1-0

[Event "Cannes op"]
[Site "Cannes"]
[Date "1998.??.??"]
[Round "1"]
[White "Mednis, Edmar John"]
[Black "Dorfman, Josif D"]
[Result "0-1"]
[WhiteElo "2400"]
[BlackElo "2600"]

1.c4 e5 2.g3 c6 3.d4 Bb4+ 4.Bd2 Bxd2+ 5.Qxd2 d6 6.Nc3 Nf6 7.dxe5 dxe5 8.Qxd8+ Kxd8
9.Nf3 Re8 10.O-O-O+ Kc7 11.Ng5 Re7 12.Bg2 h6 13.Nge4 Nxe4 14.Nxe4 Be6 15.b3 Na6
16.Rd2 f5 17.Nc3 Rd7 18.Rxd7+ Kxd7 19.Rd1+ Ke7 20.Na4 g5 21.Kb2 h5 22.e3 h4
23.Rd2 Rh8 24.Bf3 hxg3 25.hxg3 Rh2 26.Bd1 b6 27.Bc2 Rg2 28.Kc1 e4 29.a3 Nb8
30.Bd1 Nd7 31.Kc2 Ne5 32.Nb2 c5 33.Kc3 Bd7 34.Kc2 Bc6 35.Kc3 Ke6 36.Kc2 f4
37.gxf4 gxf4 38.exf4 Ng6 39.Be2 Nxf4 40.Nd1 Ke7 41.Bf1 Rh2 42.Ne3 Ne6 43.Bg2 Nf4
44.Bf1 Bd7 45.Kc3 Bh3 46.Bxh3 Rxh3 47.Kc2 Ke6 48.Nd5 Nxd5 49.Rxd5 Rh2 50.Rd2 Kf5
51.b4 Kf4 52.bxc5 bxc5 53.Kb3 Kf3 54.Rd5 Kxf2 55.Rxc5 Rh3+ 56.Kc2 Rxa3 57.Rf5+ Ke3
58.Kb2 Rd3 59.c5 Kd4 60.c6 Rc3 61.Rf6 Rc5 62.Rd6+ Ke5 63.Rh6 Kd5 64.Rh7 Rxc6
65.Rxa7 e3 66.Re7 Kd4  0-1

[Event "Cannes op"]
[Site "Cannes"]
[Date "1998.??.??"]
[Round "2"]
[White "Rotstein, Arkadij"]
[Black "Manolov, Ivan"]
[Result "1-0"]
[WhiteElo "2485"]
[BlackElo "2365"]

1.c4 e5 2.g3 Nf6 3.Bg2 d5 4.cxd5 Nxd5 5.Nf3 Nc6 6.O-O Nb6 7.d3 Be7 8.a3 a5
9.b3 Be6 10.Nbd2 O-O 11.Bb2 f6 12.Qc2 Rf7 13.Rfd1 Bf8 14.e3 Rd7 15.Nc4 Qe8
16.Nxb6 cxb6 17.d4 exd4 18.Nxd4 Nxd4 19.Rxd4 Rxd4 20.Bxd4 Qf7 21.Bxb6 Bxb3
22.Qd3 a4 23.Be4 g6 24.Rc1 Re8 25.Bd8 Be7 26.Bxe7 Rxe7 27.Bf3 Rd7 28.Qb5  1-0

[Event "Cannes op"]
[Site "Cannes"]
[Date "1998.??.??"]
[Round "2"]
[White "Spiridonov, Nikola"]
[Black "Drazic, Sinisa"]
[Result "0-1"]
[WhiteElo "2395"]
[BlackElo "2515"]

1.c4 e5 2.g3 f5 3.Bg2 Nf6 4.Nc3 Nc6 5.e3 e4 6.d3 exd3 7.Qxd3 g6 8.b3 Bg7
9.Nge2 d6 10.Bb2 O-O 11.O-O Ne5 12.Qc2 c6 13.Rad1 Nf7 14.Rd2 Qe7 15.Rfd1 Be6
16.Nf4 Rad8 17.Nxe6 Qxe6 18.Ne2 Rfe8 19.Nf4 Qe7 20.b4 Ne4 21.Re2 Bxb2 22.Qxb2 Qe5
23.Rc2 Qxb2 24.Rxb2 Ne5 25.Rc2 Kf7 26.f3 Nf6 27.Nd3 Ke7 28.Kf2 Rd7 29.b5 Rc8
30.Nxe5 dxe5 31.Rxd7+ Nxd7 32.Rb2 Kd6 33.Rd2+ Kc7 34.e4 Nc5 35.exf5 gxf5
36.Bf1 Rf8 37.h4 f4 38.gxf4 Rxf4 39.Kg3 Ne6 40.bxc6 bxc6 41.Re2 Kd6 42.Re3 Ng7
43.Bd3 Nh5+ 44.Kh3 Rf7 45.Be4 Rg7 46.c5+ Kxc5 47.Rc3+ Kd4 48.Rxc6 Nf4+ 49.Kh2 Rg2+
50.Kh1 h5 51.Ra6 Ke3 52.Rxa7 Kf2 53.Rb7 Ne2 54.Rb2 Kg3  0-1

[Event "Cannes op"]
[Site "Cannes"]
[Date "1998.??.??"]
[Round "3"]
[White "Zueger, Beat"]
[Black "Romanishin, Oleg M"]
[Result "1/2-1/2"]
[WhiteElo "2445"]
[BlackElo "2570"]

1.c4 e5 2.g3 Nf6 3.Bg2 d5 4.cxd5 Nxd5 5.Nc3 Nb6 6.Nf3 Nc6 7.O-O Be7 8.a3 Be6
9.d3 O-O 10.b4 a5 11.b5 Nd4 12.Nd2 c6 13.bxc6 Nxc6 14.Rb1 Rc8 15.Bb2 Re8
16.Re1 Bf8 17.Na4 Nd5 18.Nc3 Nxc3 19.Bxc3 Bxa3 20.Qa4 Bf8 21.Rxb7 Bd5 22.Bh3 Be6
23.Bg2 Bd5 24.Bh3 Be6  1/2-1/2

[Event "Cannes op"]
[Site "Cannes"]
[Date "1998.??.??"]
[Round "4"]
[White "Spiridonov, Nikola"]
[Black "Manolov, Ivan"]
[Result "1-0"]
[WhiteElo "2395"]
[BlackElo "2365"]

1.c4 e5 2.g3 Nf6 3.Bg2 d5 4.cxd5 Nxd5 5.Nc3 Ne7 6.Nf3 Nbc6 7.O-O g6 8.b4 Bg7
9.b5 Nd4 10.Ba3 O-O 11.Bxe7 Qxe7 12.Nd5 Qd6 13.Nxd4 exd4 14.Rc1 Bd7 15.Rxc7 Bxb5
16.Rxb7 Bc4 17.Nf4 d3 18.Nxd3 Bxd3 19.exd3 Rad8 20.Rxa7 Qxd3 21.Bf3 Rfe8
22.Bc6 Re2 23.Qa4 Qxd2 24.Ra8 Bf6 25.Rxd8+ Bxd8 26.Rd1 Re1+ 27.Rxe1 Qxe1+
28.Kg2 Bb6 29.Qf4 Kg7 30.Bd5 Qe7 31.h4 Qf6 32.Qxf6+ Kxf6 33.g4 g5 34.hxg5+ Kxg5
35.Bxf7 Kxg4 36.Be6+ Kf4 37.a4 Kg5 38.Bc4 Kg4 39.Bb3 h5 40.Bd1+ Kg5 41.Kf3 h4
42.Bc2 h3 43.Kg3 Kf6 44.f3  1-0

[Event "Cannes op"]
[Site "Cannes"]
[Date "1998.??.??"]
[Round "5"]
[White "Zueger, Beat"]
[Black "Roos, Louis"]
[Result "1-0"]
[WhiteElo "2445"]
[BlackElo "2360"]

1.c4 e5 2.g3 Nc6 3.Bg2 g6 4.Nc3 Bg7 5.e3 d6 6.Nge2 Bg4 7.h3 Bd7 8.d4 Nf6
9.d5 Ne7 10.e4 a6 11.a4 O-O 12.g4 Ne8 13.Ng3 c6 14.Bg5 h6 15.Be3 cxd5 16.cxd5 f5
17.gxf5 gxf5 18.exf5 Nxf5 19.Nxf5 Bxf5 20.Qh5 Qf6 21.Rg1 Rc8 22.Bf1 Kh7 23.a5 e4
24.Ra4 Bg6 25.Qg4 Rxc3 26.bxc3 Qxc3+ 27.Bd2 Qf6 28.Qxg6+ Qxg6 29.Rxg6 Kxg6
30.Rxe4 Nf6 31.Re7 Re8 32.Bd3+ Kh5 33.Be2+ Kg6 34.Rxb7 Nxd5 35.Kf1 Bd4 36.Bc4 Re5
37.Bxa6 Kf6 38.Bd3 Nc3 39.Bxh6  1-0

[Event "Cannes op"]
[Site "Cannes"]
[Date "1998.??.??"]
[Round "5"]
[White "Mednis, Edmar John"]
[Black "Fontaine, Robert"]
[Result "0-1"]
[WhiteElo "2400"]
[BlackElo "2365"]

1.c4 e5 2.g3 c6 3.d4 Bb4+ 4.Bd2 Bxd2+ 5.Qxd2 d6 6.Nc3 Nf6 7.Bg2 O-O 8.e3 Be6
9.d5 cxd5 10.cxd5 Bd7 11.Nge2 b5 12.O-O b4 13.Nd1 a5 14.e4 Na6 15.f3 Qb6+
16.Qe3 Nc5 17.Nf2 Bb5 18.Rfd1 Nfd7 19.Nc1 Rfc8 20.Bf1 Bxf1 21.Rxf1 Na4 22.Qxb6 Ndxb6
23.b3 Nc3 24.Nfd3 Nb5 25.Rd1 Nd4 26.Ne1 Rc3 27.Ncd3 f5 28.Kg2 Nd7 29.Rd2 fxe4
30.fxe4 Nf6 31.Nf2 Re3 32.Nc2 Re2 33.Rxe2 Nxe2 34.a3 Rc8 35.Ne3 Rc1 36.Rxc1 Nxc1
37.axb4 axb4 38.Nc4 Nxb3 39.Nxd6 Nd2 40.Nd3 b3 41.Nb5 Ndxe4 42.d6 Kf7 43.Nxe5+ Ke6
44.Nc4 Kd5 45.Nb2 Kc5  0-1

[Event "CZE-chT2 9899"]
[Site "CZE"]
[Date "1998.??.??"]
[Round "?"]
[White "Cesal, Jaroslav"]
[Black "Efler, David"]
[Result "1/2-1/2"]
[WhiteElo "2320"]
[BlackElo "2185"]

1.c4 e5 2.g3 Nc6 3.Bg2 d6 4.Nc3 Be6 5.d3 Qd7 6.b4 Nge7 7.b5 Nd8 8.Bg5 f6
9.Bd2 d5 10.Qc2 dxc4 11.dxc4 Qd4 12.Rc1 Qxc4 13.Qb2 Qd4 14.Nf3 Qd7 15.O-O Ng6
16.Rfd1 Bd6 17.Ne4 O-O 18.Ba5 Rc8 19.Nxd6 cxd6 20.Rxc8 Qxc8 21.Rxd6 Nf7 22.Rd2 b6
23.Bb4 Rd8 24.Rxd8+ Qxd8 25.Nd2 Ne7 26.a4 Nd5 27.Ba3 Qc7 28.Bf3 Ng5 29.Bg2 h6
30.h4 Nf7 31.Bf3 Nd6 32.e4 Ne7 33.Qb4 Nec8 34.Kg2 Kh7 35.Bd1 Qb7 36.g4 h5
37.g5 Nc4 38.Nxc4 Qxe4+ 39.Bf3 Bh3+  1/2-1/2

[Event "Moravia-chT 9899"]
[Site "CZE"]
[Date "1998.??.??"]
[Round "5"]
[White "Malis, Jiri"]
[Black "Kufa, Pavel"]
[Result "1-0"]
[WhiteElo "2210"]
[BlackElo "2215"]

1.c4 e5 2.g3 f5 3.Bg2 Nf6 4.Nc3 Bc5 5.e3 Nc6 6.Nge2 e4 7.d4 exd3 8.Qxd3 Ne5
9.Qxf5 d6 10.Qc2 O-O 11.O-O Nfg4 12.Nd4 Bxd4 13.exd4 Bf5 14.Ne4 Nc6 15.Qd1 Qe8
16.Re1 Qg6 17.f3 Rae8 18.Bf4 Nf6 19.d5 Ne5 20.Bxe5 Rxe5 21.Nf2 Rxe1+ 22.Qxe1 Re8
23.Qa5 Bb1 24.Bh3 b6 25.Qd2 a5 26.Be6+ Kf8 27.Kg2 Bf5 28.Re1 Bxe6 29.dxe6 Qf5
30.g4 Qg6 31.b3 Ng8 32.Qf4+ Qf6 33.Nd3 g5 34.Qe4 Re7 35.f4 Kg7 36.h4  1-0

[Event "Dieren op"]
[Site "Dieren"]
[Date "1998.??.??"]
[Round "3"]
[White "Bosboom, Manuel"]
[Black "Janssen, Ruud"]
[Result "0-1"]
[WhiteElo "2450"]
[BlackElo "2290"]

1.c4 e5 2.g3 Nf6 3.Bg2 d5 4.cxd5 Nxd5 5.Nf3 Nc6 6.O-O Be7 7.d4 exd4 8.Nxd4 Nxd4
9.Qxd4 Nf6 10.Qa4+ c6 11.Rd1 Qb6 12.Be3 Bc5 13.Bxc5 Qxc5 14.b4 Qe5 15.Qa5 Qxa5
16.bxa5 Bd7 17.Na3 O-O-O 18.a6 b6 19.Rdc1 c5 20.Nc4 Ba4 21.Rab1 Kc7 22.Ne5 Rhe8
23.f4 Rd2 24.Rxc5+ bxc5 25.Rb7+ Kc8 26.Bh3+ Bd7 27.Nxd7 Nxd7 28.Rxa7 Rexe2
29.Ra8+ Kc7 30.a7 Re1+  0-1